Chính sách tiền tệ của Cộng hòa Liên bang Đức

Đã lưu trong:
Bibliografiske detaljer
Hovedforfatter: Trần, Đức Mậu
Format: Bog
Sprog:Undetermined
Udgivet: Hà Nội Văn hóa Thông tin 1994
Fag:
Tags: Tilføj Tag
Ingen Tags, Vær først til at tagge denne postø!
Thư viện lưu trữ: Trung tâm Học liệu Trường Đại học Cần Thơ
LEADER 00576nam a2200181Ia 4500
001 CTU_23866
008 210402s9999 xx 000 0 und d
082 |a 332.46 
082 |b M125 
100 |a Trần, Đức Mậu 
245 0 |a Chính sách tiền tệ của Cộng hòa Liên bang Đức 
245 0 |c Trần Đức Mậu 
260 |a Hà Nội 
260 |b Văn hóa Thông tin 
260 |c 1994 
650 |a International economic relations,Money 
904 |i Phượng 
980 |a Trung tâm Học liệu Trường Đại học Cần Thơ